00379nam a2200145Ia 450000500170000000800410001702000180005804000090007608200160008510000170010124500320011826000370015030000210018752100250020820231010152136.0220714s9999 xx 000 0 und d a9781920277185 c3228 aZUL JF ZOND aZONDI, Nelly 0aWash umlilocNelly , Zondi  aHennops park bQualibooks c2008 a16 pages c21 cm azulu junior fiction